Riconosci il Pokémon - Quiz n°1020 - Statistics

Statistiche generali
  • Questo quiz è stato fatto 0 volte
  • Il punteggio medio è 0 su 10
Statistiche sulle risposte
Indizio Risposta % Corretto
Altezza 1,0 m
0%
Peso 29,0 kg
0%
Tasso di cattura 45 (11.9%)
0%
Sesso 87.5% ♂, 12.5% ♀
0%
Tipo Acqua
0%
Abilità Assorbacqua; Idratazione
0%
Tasso di allevamento Medio-Veloce
0%
Generazione Prima
0%
Stadio evoluzione Prima evoluzione
0%
Pokémon Vaporeon
0%
Nessun quiz corrispondente trovato
Distribuzione punteggi
Percentuale di utenti per punteggio
Percentile per numero di risposta
I tuoi punteggi nel tempo
Non hai fatto questo quiz